000 00405pab a2200157 454500
008 180718b2006 xxu||||| |||| 00| 0 eng d
100 _aBenjamin, E.
245 _aRole of legal education in a developing country like India
260 _c2006
300 _ap.15-16.
362 _a1 May
650 _aLegal education - India
650 _aLegal education
773 _aUniversity News
909 _a69500
999 _c69500
_d69500